Catalog

Record Details

Catalog Search



Available copies

  • 2 of 2 copies available at LARL/NWRL Consortium.
  • 2 of 2 copies available at Lake Agassiz Regional Library. (Show preferred library)

Current holds

0 current holds with 2 total copies.

Show Only Available Copies
Location Call Number / Copy Notes Barcode Shelving Location Status Due Date
Crookston Public Library FIE (Text) 33500012295978 Main Available -
Moorhead Public Library FIE (Text) 33500012295945 Main Available -

Record details

  • ISBN: 1524732400
  • ISBN: 9781524732400
  • Physical Description: 219 pages ; 20 cm
  • Edition: First American edition.
  • Publisher: New York : Alfred A. Knopf, 2016.

Content descriptions

Summary, etc.:
Bridget Jones finds herself unexpectedly pregnant ... Read More
Subject: Jones, Bridget (Fictitious character) > Fiction.
Pregnant women > Fiction.
England > Fiction.
Genre: Humorous fiction.
Diary fiction.
LDR 01585cam a2200397Ii 4500
001215358
003LARL_NWRL_CONSORTIUM
00520161007172146.0
008160819t20162016nyu 000 1 eng d
019 . ‡a956480001
020 . ‡a1524732400 ‡q(hardcover)
020 . ‡a9781524732400 ‡q(hardcover)
035 . ‡a(OCoLC)956625961 ‡z(OCoLC)956480001
043 . ‡ae-uk-en
090 . ‡aPR6056.I4588 ‡bB749 2016
1001 . ‡aFielding, Helen, ‡d1958- ‡eauthor. ‡0(LARL_NWRL_CONSORTIUM)130396
24510. ‡aBridget Jones's baby : ‡bthe diaries. ‡n#4 / ‡cHelen Fielding.
250 . ‡aFirst American edition.
264 1. ‡aNew York : ‡bAlfred A. Knopf, ‡c2016.
264 4. ‡c©2016
300 . ‡a219 pages ; ‡c20 cm
336 . ‡atext ‡btxt ‡2rdacontent
337 . ‡aunmediated ‡bn ‡2rdamedia
338 . ‡avolume ‡bnc ‡2rdacarrier
4900 . ‡aBridget Jones ; ‡v4
520 . ‡aBridget Jones finds herself unexpectedly pregnant at the eleventh hour. However, her joyful pregnancy is dominated by one crucial but awkward question --who is the father? Could it be honorable, decent, notable human rights lawyer, Mark Darcy? Or, is it charming, witty, and totally despicable, Daniel Cleaver?
60010. ‡aJones, Bridget ‡c(Fictitious character) ‡vFiction.
650 0. ‡aPregnant women ‡vFiction. ‡0(LARL_NWRL_CONSORTIUM)166577
651 0. ‡aEngland ‡vFiction.
655 7. ‡aHumorous fiction. ‡2lcgft
655 7. ‡aDiary fiction. ‡2lcgft
901 . ‡a215358 ‡bOCoLC ‡c215358 ‡tbiblio ‡soclc

Additional Resources